| 000 | 00988nam a22002898a 4500 | ||
|---|---|---|---|
| 001 | 016181998 | ||
| 003 | OSt | ||
| 005 | 20201128021158.0 | ||
| 008 | 120926r20122005xxkadk fr2b f001 0 eng d | ||
| 020 | _a9781107412712 (pbk.) | ||
| 040 |
_aStDuBDS _beng _cStDuBDS _dEG-ScBUE |
||
| 082 | 0 | 0 |
_a621.38456 _222 _bSCH |
| 100 | 1 |
_aSchwartz, Mischa _937188 |
|
| 245 | 1 | 0 |
_aMobile wireless communications / _cMischa Schwartz. |
| 250 |
_a1st ed., _breprinted. |
||
| 260 |
_aCambridge, United Kingdom ; _aNew York, United States : _bCambridge University Press, _c2012. |
||
| 300 |
_axi, 457 p. : _bcharts, forms, tables ; _c25 cm. |
||
| 500 | _aIndex : p. 442-457. | ||
| 500 | _aReprint of the 2005 ed. | ||
| 504 | _aIncludes bibliographical references. | ||
| 504 | _aBibliography : p. 434-441. | ||
| 650 | 0 |
_aWireless communication systems _912950 |
|
| 650 | 0 |
_a Digital communications _91260 |
|
| 653 |
_bENGELC _cJanuary2015 |
||
| 655 |
_vreading book _934232 |
||
| 942 |
_2ddc _k621.38456 SCH |
||
| 999 |
_c18887 _d18859 |
||